|
|
|
|
| LEADER |
01033pam a22002658a 4500 |
| 001 |
00044317 |
| 005 |
20190702150708.0 |
| 008 |
170830s2017 ||||||viesd |
| 020 |
# |
# |
|a 978 6004 68 3962 0
|c 0
|
| 041 |
0 |
# |
|a vie
|
| 082 |
1 |
4 |
|a 915.978 9
|b Đ301L
|
| 100 |
1 |
# |
|a I. Mesnard
|
| 245 |
1 |
0 |
|c I. Mesnard; Trần Thị Bích Vân; Nguyên Hữu Hiếu (Hiệu đính và chú thích)
|a Địa lý hình thể kinh tế và lịch sử Nam bộ Việt Nam
|
| 260 |
# |
# |
|a Tp Hồ Chí Minh
|c 2017
|b Văn hóa - văn nghệ
|
| 300 |
# |
# |
|a 99 tr.
|c 21 cm.
|
| 653 |
# |
# |
|a Kinh tế
|
| 653 |
# |
# |
|a Đồng Tháp
|
| 653 |
# |
# |
|a lịch sử
|
| 653 |
# |
# |
|a Việt Nam
|
| 653 |
# |
# |
|a Nam Bộ
|
| 700 |
1 |
# |
|a Trần, Thị Bích Vân
|e Hiệu đính và chú thích
|
| 700 |
1 |
# |
|a Nguyên, Hữu Hiếu
|e Hiệu đính và chú thích
|
| 852 |
# |
# |
|j KD.0026014
|j KM.0030118
|
| 910 |
# |
# |
|d 2/7/2019
|
| 980 |
# |
# |
|a Trung tâm Học liệu Lê Vũ Hùng, Trường Đại học Đồng Tháp
|